The elements of style : (Record no. 84162)

MARC details
000 -LEADER
fixed length control field 00701nam a22001937a 4500
005 - DATE AND TIME OF LATEST TRANSACTION
control field 20140509182912.0
010 ## - LCCN (DPL NO)
LC control number B-529800
020 ## - INTERNATIONAL STANDARD BOOK NUMBER
Terms of availability 699.00
International Standard Book Number 9780143112723
035 ## - SYSTEM CONTROL NUMBER
System control number B-529800
037 ## - SOURCE OF ACQUISITION
Source of stock number/acquisition UBH
082 ## - DEWEY DECIMAL CLASSIFICATION NUMBER
Classification number 480
100 ## - MAIN ENTRY--PERSONAL NAME
Personal name Strunk, William
245 ## - TITLE STATEMENT
Title The elements of style :
Statement of responsibility, etc by William Strunk and E.B. White; illustrated by Maira Kalman
Remainder of title (illustrated) /
260 ## - PUBLICATION, DISTRIBUTION, ETC. (IMPRINT)
Place of publication, distribution, etc New Delhi
Name of publisher, distributor, etc Penguin Books
300 ## - PHYSICAL DESCRIPTION
Extent 151p
Dimensions 22cm(pb)
500 ## - GENERAL NOTE
General note includes Index
942 ## - ADDED ENTRY ELEMENTS (KOHA)
Source of classification or shelving scheme Dewey Decimal Classification
Item type English Books
Classification part 480
Call number suffix STR
Holdings
Withdrawn status Lost status Not for loan Collection code Home library Current library Date acquired Source of acquisition Cost, normal purchase price Full call number Barcode Copy number Cost, replacement price Koha item type
      Non-fiction Sarojini Nagar Sarojini Nagar 09/05/2014 UBH/251/13.2.14/DPL/ZLS/RP/2013-14/4/515/5.2.14/21.2.14 699.00 480 STR B-529800 1 699.00 English Books

© Delhi Public Library
Hit Counter
free hit counter